000 00525cam a2200205 4500
001 D7685
008 090401t1971 xxu||||| |||| 00| 0 eng d
035 _a(Sirsi) u8853
041 _aeng
050 _a333.33
100 _aOschinsky, Dorothea
245 _aWalter of Henley and other treatises on estate management and accounting
260 _aOxford
_bClarendon Press
_c1971
300 _axxiv. 504p. 24cm
350 _a14
650 _aESTATE MANAGEMENT
650 _aHISTORY
942 _n0
948 _c04/03/1997
999 _c86570
_d86570